The fifth discipline : (Record no. 12826)

MARC details
000 -LEADER
fixed length control field 01553cam a22003975a 4500
001 - CONTROL NUMBER
control field 14589275
005 - DATE AND TIME OF LATEST TRANSACTION
control field 20150817101959.0
008 - FIXED-LENGTH DATA ELEMENTS--GENERAL INFORMATION
fixed length control field 061010s2006 nyua frb 001 0 eng c
010 ## - LIBRARY OF CONGRESS CONTROL NUMBER
LC control number 2006281125
020 ## - INTERNATIONAL STANDARD BOOK NUMBER
International Standard Book Number 9780385517256 (pbk.)
035 ## - SYSTEM CONTROL NUMBER
System control number (OCoLC)ocm65166960
040 ## - CATALOGING SOURCE
Original cataloging agency OCO
Language of cataloging eng
Transcribing agency OCO
Modifying agency BAKER
-- TPN
-- UMC
-- OCLCQ
-- YDX
-- DLC
-- EG-ScBUE
042 ## - AUTHENTICATION CODE
Authentication code pcc
050 00 - LIBRARY OF CONGRESS CALL NUMBER
Classification number HD58.9
Item number .S46 2006
082 04 - DEWEY DECIMAL CLASSIFICATION NUMBER
Classification number 658.4
Edition number 22
Item number SEN
100 1# - MAIN ENTRY--PERSONAL NAME
Personal name Senge, Peter M.
9 (RLIN) 9029
245 14 - TITLE STATEMENT
Title The fifth discipline :
Remainder of title the art and practice of the learning organization /
Statement of responsibility, etc Peter M. Senge.
250 ## - EDITION STATEMENT
Edition statement Rev. and updated.
260 ## - PUBLICATION, DISTRIBUTION, ETC. (IMPRINT)
Place of publication, distribution, etc New York :
Name of publisher, distributor, etc Doubleday/Currency,
Date of publication, distribution, etc c. 2006.
300 ## - PHYSICAL DESCRIPTION
Extent xviii, 445 p. :
Other physical details ill. ;
Dimensions 23 cm.
500 ## - GENERAL NOTE
General note Index : p. 431-445.
504 ## - BIBLIOGRAPHY, ETC. NOTE
Bibliography, etc Includes bibliographical references.
590 ## - LOCAL NOTE (RLIN)
Local note Menna ELemam
650 #0 - SUBJECT ADDED ENTRY--TOPICAL TERM
Topical term or geographic name as entry element Organizational effectiveness.
9 (RLIN) 9030
Source of heading or term BUEsh
650 #0 - SUBJECT ADDED ENTRY--TOPICAL TERM
Topical term or geographic name as entry element Teams in the workplace.
9 (RLIN) 9031
Source of heading or term BUEsh
650 #0 - SUBJECT ADDED ENTRY--TOPICAL TERM
Topical term or geographic name as entry element Organizational learning.
Source of heading or term BUEsh.
650 #0 - SUBJECT ADDED ENTRY--TOPICAL TERM
Topical term or geographic name as entry element Organizational change
Source of heading or term BUEsh.
650 #0 - SUBJECT ADDED ENTRY--TOPICAL TERM
Topical term or geographic name as entry element Management
Source of heading or term BUEsh.
651 ## - SUBJECT ADDED ENTRY--GEOGRAPHIC NAME
Source of heading or term BUEsh
653 ## - INDEX TERM--UNCONTROLLED
Resource For college BAEPS, Business Administration
Arrived date list August2015
856 42 - ELECTRONIC LOCATION AND ACCESS
Materials specified Publisher description
Uniform Resource Identifier <a href="http://www.loc.gov/catdir/enhancements/fy0703/2006281125-d.html">http://www.loc.gov/catdir/enhancements/fy0703/2006281125-d.html</a>
856 41 - ELECTRONIC LOCATION AND ACCESS
Materials specified Sample text
Uniform Resource Identifier <a href="http://www.loc.gov/catdir/enhancements/fy0703/2006281125-s.html">http://www.loc.gov/catdir/enhancements/fy0703/2006281125-s.html</a>
856 42 - ELECTRONIC LOCATION AND ACCESS
Materials specified Contributor biographical information
Uniform Resource Identifier <a href="http://www.loc.gov/catdir/enhancements/fy0703/2006281125-b.html">http://www.loc.gov/catdir/enhancements/fy0703/2006281125-b.html</a>
942 ## - ADDED ENTRY ELEMENTS (KOHA)
Source of classification or shelving scheme Dewey Decimal Classification
Call number prefix 658.4 SEN
Item type Book - Borrowing
Holdings
Withdrawn status Item status Source of classification or shelving scheme Damaged status Not for loan Vendor Home library Current library Shelving location Date acquired Source of acquisition Serial Enumeration / chronology Total Checkouts Total Renewals Full call number Barcode Date last seen Date last borrowed Koha item type
    Dewey Decimal Classification     Baccah Central Library Central Library First floor 21/10/2009   2 1 658.4 SEN 000018432 15/07/2025 18/12/2012 Book - Borrowing
    Dewey Decimal Classification     Baccah Central Library Central Library First floor 21/10/2009     1   658.4 SEN 000018431 15/07/2025 07/12/2009 NB - Book (Non borrowing)
    Dewey Decimal Classification     Baccah Central Library Central Library First floor 21/10/2009     7 11 658.4 SEN 000018433 15/07/2025 26/04/2015 Book - Borrowing